00859nas a2200241Ia 4500001001600000003001000016008004100026040002500067041001200092100002100104210003800125222003800163240005300201245005300254250001100307260000900318501012300327300001600450362003500466500008200501650002300583700001100606A10/R155-29490 IT-MiCISF161014c99999999xx |||||||||||| ||und|| aIT-MiCISFcIT-MiCISF aINGLESE aEngels Frederick aPopulation and Development Review aPopulation and Development Review aEngels on the Origin and Evolution of the Family 0aEngels on the Origin and Evolution of the Family a1a ed. c1988 bCISF - Centro Internazionale Studi Famiglia - Via Giotto, 36 20145 MILANO (non commercial uses only)cCopyright 2016 app. 705-729 avol. 14, n. 4, dicembre [1988] a Tema: famiglia, società, cultura, ruoli-familiari, famiglia-estesa, lavoro aFAMIGLIAvarticolo aAA.VV.